00642cam a22002171 4500001001300000003000400013005001700017008004100034010001700075035002000092040003900112042001200151050001800163100003500181245007300216260003100289300001800320600002800338600004300366999001500409af 47006807 DLC20260227110839.0831026s1943 fr 000 0 fre c aaf 47006807  a(OCoLC)10057639 aNew York. Public LibrarycTNJdDLC apremarc00aZ8106.19b.S41 aSecret, Nestor Maurice,d1877-10aHors frontières avec Léon Bocquet.bEssai biblio-iconographique. aParis,bA. Lemerre,c1943. a90 p.c19 cm.10aBocquet, Léon,d1876-10aBocquet, Léon,d1876-vBibliography. c3692d3692